Sāhityasādhaka Phakīramohana. (Record no. 74660)

MARC details
000 -LEADER
fixed length control field 00585cam a22002291 4500
001 - CONTROL NUMBER
control field sa 67004654
003 - CONTROL NUMBER IDENTIFIER
control field DLC
005 - DATE AND TIME OF LATEST TRANSACTION
control field 20260227112349.0
008 - FIXED-LENGTH DATA ELEMENTS--GENERAL INFORMATION
fixed length control field 940907s1963 ii 000 0 orio
010 ## - LIBRARY OF CONGRESS CONTROL NUMBER
LC control number sa 67004654
025 ## - OVERSEAS ACQUISITION NUMBER
Overseas acquisition number PL480:I-O-671
035 ## - SYSTEM CONTROL NUMBER
System control number (OCoLC)31063607
040 ## - CATALOGING SOURCE
Original cataloging agency DLC
Transcribing agency CU
Modifying agency CU
-- DLC
042 ## - AUTHENTICATION CODE
Authentication code premarc
050 00 - LIBRARY OF CONGRESS CALL NUMBER
Classification number PK2579.S4
Item number Z63
100 1# - MAIN ENTRY--PERSONAL NAME
Personal name Dāśa, Cintāmaṇi,
Dates associated with a name 1903-
245 10 - TITLE STATEMENT
Title Sāhityasādhaka Phakīramohana.
260 ## - PUBLICATION, DISTRIBUTION, ETC.
Date of publication, distribution, etc. [1963]
300 ## - PHYSICAL DESCRIPTION
Extent 3, 320 p.
Dimensions 19 cm.
500 ## - GENERAL NOTE
General note In Oriya.
600 10 - SUBJECT ADDED ENTRY--PERSONAL NAME
Personal name Senapati, Fakir Mohan,
Dates associated with a name 1843-1918.

No items available.

Powered by Koha